000
00308nam a22001337a 4500
008
170407b xxu||||| |||| 00| 0 eng d
020
_a
07216113373
041
_a
eng
080
_2
18
_a
616
100
_a
9
101
_a
SHM
245
_a
PATHOLOGY NEOPLASIA IN CHILDREN
_c
COFFEN.M.CH
942
_2
udc
_c
BK
999
_c
10233
_d
10233